5HLuxD.jpg

KING HENRY VIII SENIOR AND PRIMARY SCHOOL LIBRARY OPAC

Mortaxe the skeleton warrior / (Record no. 3533)

000 -LEADER
fixed length control field 01159cam a2200313 a 4500
001 - CONTROL NUMBER
control field (Sirsi) a672759
003 - CONTROL NUMBER IDENTIFIER
control field OSt
005 - DATE AND TIME OF LATEST TRANSACTION
control field 20240223081509.0
008 - FIXED-LENGTH DATA ELEMENTS--GENERAL INFORMATION
fixed length control field 110502s2010 enkab b 000 1 eng d
020 ## - INTERNATIONAL STANDARD BOOK NUMBER
International Standard Book Number 9781408307366 (pbk.)
020 ## - INTERNATIONAL STANDARD BOOK NUMBER
International Standard Book Number 1408307367 (pbk.)
040 ## - CATALOGING SOURCE
Original cataloging agency TAE
Language of cataloging eng
Transcribing agency TAE
Modifying agency KH8
042 ## - AUTHENTICATION CODE
Authentication code nbic
082 ## - DEWEY DECIMAL CLASSIFICATION NUMBER
Classification number FIC BLA
100 1# - MAIN ENTRY--PERSONAL NAME
Personal name Blade, Adam,
Relator term author.
245 10 - TITLE STATEMENT
Title Mortaxe the skeleton warrior /
Statement of responsibility, etc. Adam Blade.
250 ## - EDITION STATEMENT
Edition statement Special bumper ed.
260 ## - PUBLICATION, DISTRIBUTION, ETC.
Place of publication, distribution, etc. London :
Name of publisher, distributor, etc. Orchard Books,
Date of publication, distribution, etc. 2010.
300 ## - PHYSICAL DESCRIPTION
Extent 185 p. :
Other physical details ill., map ;
Dimensions 20 cm.
490 1# - SERIES STATEMENT
Series statement Beast quest.
500 ## - GENERAL NOTE
General note Includes four color collector cards.
520 ## - SUMMARY, ETC.
Summary, etc. Mortaxe the Skeleton Warrior has risen from the grave! He controls Avantia's six good Beasts with dark magic, forcing them to fight Tom in a gladiatorial battle. Tom and his companions are about to face the most terrifying Quest of their lives.
521 1# - TARGET AUDIENCE NOTE
Target audience note 7+
650 #0 - SUBJECT ADDED ENTRY--TOPICAL TERM
Topical term or geographic name entry element Tom (Fictitious character : Blade)
Form subdivision Juvenile fiction.
650 #0 - SUBJECT ADDED ENTRY--TOPICAL TERM
Topical term or geographic name entry element Elenna (Fictitious character : Blade)
Form subdivision Juvenile fiction.
650 #0 - SUBJECT ADDED ENTRY--TOPICAL TERM
Topical term or geographic name entry element Monsters
Form subdivision Juvenile fiction.
830 #0 - SERIES ADDED ENTRY--UNIFORM TITLE
Uniform title Beast quest.
942 ## - ADDED ENTRY ELEMENTS (KOHA)
Source of classification or shelving scheme
Koha item type Easy Reading
Holdings
Withdrawn status Lost status Source of classification or shelving scheme Damaged status Not for loan Collection code Permanent Location Current Location Shelving location Date acquired Total Checkouts Full call number Barcode Date last seen Date last checked out Price effective from Koha item type
          Fiction KH8 Senior School Library KH8 Senior School Library Easy Reading 2024-02-20 1 FIC BLA 3KHSL000102023 2025-02-06 2024-09-12 2024-02-20 Easy Reading

Powered By KH8 IT Dept